000 00533nam a2200193Ia 4500
008 151119s9999||||xx |||||||||||||| ||und||
082 _a891.464
082 _bGKKV19804
100 _aकाणेकर शिरीष
245 _aसाखरफुटाणे
260 _a--
260 _b--
260 _c0
600 _aकाणेकर शिरीष
630 _aसाखरफुटाणे
700 _aकाणेकर शिरीष
730 _aसाखरफुटाणे
942 _cBOOK
999 _c1072721
_d1072718